Κατάλογος Βιβλιοθηκών Mediterranean College

Hypermedia and the Web / An Engineering Approach (Record no. 3671)

MARC details
000 -LEADER
fixed length control field 01172cam a22002054a 4500
005 - ΗΜΕΡΟΜΗΝΙΑ ΚΑΙ ΩΡΑ ΤΕΛΕΥΤΑΙΑΣ ΕΝΗΜΕΡΩΣΗΣ
Πεδίο ελέγχου 20250605164122.0
008 - FIXED-LENGTH DATA ELEMENTS--GENERAL INFORMATION
Πεδίο ελέγχου σταθερού μήκους 250528s ||||||||||||||||||||||||d
035 ## - SYSTEM CONTROL NUMBER
System control number 18306
020 ## - ISBN
ISBN 471983128
040 ## - ΠΗΓΗ ΚΑΤΑΛΟΓΟΓΡΑΦΗΣΗΣ
Φορέας πρωτότυπης καταλογογράφησης MC Athens Campus Library
Γλώσσα καταλογογράφησης Ελληνικά, Μοντέρνα (1453-)
Modifying agency MC Athens Campus Library
Κανόνες περιγραφικής καταλογογράφησης AACR2
245 1# - ΤΙΤΛΟΣ ΚΑΙ ΔΗΛΩΣΗ ΥΠΕΥΘΥΝΟΤΗΤΑΣ
Τίτλος Hypermedia and the Web / An Engineering Approach
260 ## - PUBLICATION, DISTRIBUTION, ETC.
Name of publisher, distributor, etc. John Wiley And Sons, Inc,
Date of publication, distribution, etc. 1999
300 ## - PHYSICAL DESCRIPTION
Extent 600
520 ## - SUMMARY, ETC.
Summary, etc. This book approaches interactive information (concentrating on hypertext documents) as a structure requiring management, quantification and documentation. Foreword, Preface, Acknowledgements, Introduction, Hypermedia Development Fundamentals, Hypermedia, Hypermedia Modelling, What is Hypermedia Engineering, Obtaining A Quality Product, Obtaining a Quality Process, Hypermedia Development Practice, Development Process, Development Methods, Development Techniques, Hypermedia Research Developments, Current Research, Matilda and MGraphs and Mist, Microcosm, Hyper-G and Hyper wave, AHM and CMIFed, RMM, The Future of Hypermedia Engineering, References, Index.
700 1# - ΠΡΟΣΘΕΤΗ ΑΝΑΓΡΑΦΗ--ΦΥΣΙΚΟ ΠΡΟΣΩΠΟ
Personal name Hall Wendy
9 (RLIN) 3776
700 1# - ΠΡΟΣΘΕΤΗ ΑΝΑΓΡΑΦΗ--ΦΥΣΙΚΟ ΠΡΟΣΩΠΟ
Personal name Lowe David
9 (RLIN) 4581
942 ## - ADDED ENTRY ELEMENTS (KOHA)
Koha item type Books
Holdings
Τύπος τεκμηρίου Βιβλιοθήκη Τρέχουσα τοποθεσία Barcode Αριθμός εισαγωγής Ημερομηνία απόκτησης Ταξιθετικό σύμβολο Αριθμός αντιτύπου Κατάσταση απόσυρσης Κατάσταση χαμένου Κατάσταση κατεστραμμένου Μη δανεισμός Σύνολο δανεισμών Ημερομηνία τελευταίας εμφάνισης Η τιμή ισχύει από
Books MC Athens Campus Library MC Athens Campus Library 9780000036704 2899 05/06/2025 006.7 LOW 1           05/06/2025 05/06/2025

MC Athens Campus Library
Πατησίων 94 & Κοδριγκτώνος 13, 104 34
Πελλήνης 8 & Πατησίων 107, 112 51
Τ: +30 210 8899600

MC Thessaloniki Campus Library
Ίωνος Δραγούμη 21, 54625 | Ίωνος Δραγούμη 15, 54625
Τ: +30 2310 287779 – Τ: +30 2314 440300